000
00198 a2200097 4500
001
1679
100
_a
Dudley, D.W
245
_a
Practical year Design
260
_a
_b
Mc Graw
_c
090
_c
1216
_d
1216
942
_a
NUST-CAE
_c
M
_c
2403
999
_c
236752
_d
236752